000 00282nam a2200121Ia 4500
008 190216s9999||||xx |||||||||||||| ||und||
100 _aShirokov M & Yudin N P
245 0 _aNuclear Physics
260 _bMir Publishers
_c1982
300 _a303p
650 _aPhysics
942 _cBK
999 _c2366
_d2366